[Event "San Francisco McLain Memorial g/45"]
[Site "San Francisco"]
[Date "2005.12.03"]
[Round "1"]
[White "Perepelitsky, Edward"]
[Black "Parker, Harold"]
[Result "1-0"]
[WhiteElo "2117"]
[BlackElo "1500"]
[PlyCount "34"]
[EventDate "2005.12.03"]
[EventType "swiss"]
[EventRounds "5"]
[EventCountry "USA"]
[SourceTitle "EXT 2007"]
[Source "ChessBase"]
[SourceDate "2006.11.23"]
[SourceVersion "1"]
[SourceVersionDate "2006.11.23"]
[SourceQuality "1"]

1. d4 d5 2. c4 e6 3. Nc3 Nf6 4. Bg5 Nbd7 5. e3 Be7 6. Nf3 0-0 7. Rc1 h6 8. Bh4 c5 9. cxd5 Nxd5 10. Bxe7 Nxe7 11. Bd3 cxd4 12. Nxd4 a6 13. 0-0 e5 14. Nc2 Nf6 15. Qe2 Be6 16. e4 Rc8 17. Ne3 Qa5 1-0

[Event "San Francisco MI Fall op"]
[Site "San Francisco"]
[Date "2005.11.15"]
[Round "3"]
[White "Perepelitsky, Edward"]
[Black "Sanguinetti, George A"]
[Result "0-1"]
[WhiteElo "2125"]
[BlackElo "1941"]
[PlyCount "92"]
[EventDate "2005.11.08"]
[EventType "swiss"]
[EventRounds "8"]
[EventCountry "USA"]
[SourceTitle "EXT 2007"]
[Source "ChessBase"]
[SourceDate "2006.11.23"]
[SourceVersion "1"]
[SourceVersionDate "2006.11.23"]
[SourceQuality "1"]

1. d4 Nf6 2. c4 e6 3. Nc3 c5 4. d5 exd5 5. cxd5 d6 6. Nf3 a6 7. a4 Nbd7 8. e4 Rb8 9. Be2 Qe7 10. Nd2 g6 11. 0-0 Bg7 12. Nc4 0-0 13. f3 Ne5 14. Na3 Ne8 15. Be3 f5 16. Qd2 Nf7 17. exf5 gxf5 18. Rfe1 Qf6 19. Nc4 b6 20. f4 Bd7 21. Ra2 Qg6 22. Bf3 Kh8 23. Ne2 Qf6 24. b4 Qd8 25. a5 b5 26. Nb6 c4 27. Nd4 Nc7 28. Qc1 Re8 29. Rae2 Nh6 30. Bh5 Re4 31. Nf3 Be8 32. Bxe8 Qxe8 33. Ng5 Re7 34. Qd1 Qf8 35. Bd4 Rbe8 36. Ne6 Nxe6 37. dxe6 Qg8 38. Bxg7+ Qxg7 39. Qxd6 Rg8 40. Nd5 Ree8 41. e7 Qd4+ 42. Kh1 Ng4 43. Qc5 Qxc5 44. bxc5 Kg7 45. c6 Nf6 46. Nc7 Ne4 0-1

[Event "Pacific Southwest op 45th"]
[Site "Burbank"]
[Date "2005.07.04"]
[Round "5"]
[White "Garcia, Carlos"]
[Black "Perepelitsky, Edward"]
[Result "1-0"]
[WhiteElo "2160"]
[BlackElo "2027"]
[PlyCount "65"]
[EventDate "2005.07.02"]
[EventType "swiss"]
[EventRounds "6"]
[EventCountry "USA"]
[SourceTitle "EXT 2014"]
[Source "ChessBase"]
[SourceDate "2013.11.20"]
[SourceVersion "1"]
[SourceVersionDate "2013.11.20"]
[SourceQuality "1"]

1. e4 c5 2. Nf3 d6 3. Bb5+ Nc6 4. c3 Bd7 5. 0-0 a6 6. Ba4 b5 7. Bc2 e5 8. h3 Nf6 9. d4 Be7 10. Be3 0-0 11. Nbd2 Re8 12. d5 Na5 13. b3 c4 14. b4 Nb7 15. Nh2 h6 16. f4 exf4 17. Rxf4 Nh7 18. Qh5 g6 19. Qf3 Bg5 20. Rf1 Rf8 21. h4 Bxf4 22. Qxf4 g5 23. Qf3 Kg7 24. Ng4 f6 25. e5 fxe5 26. Qe4 Rxf1+ 27. Nxf1 Nf8 28. Ng3 Be8 29. Nf5+ Kh8 30. Nxe5 Qf6 31. Bd4 Kg8 32. Ng4 Qg6 33. Ne7+ 1-0

[Event "San Francisco MI"]
[Site "San Francisco"]
[Date "2004.??.??"]
[Round "2"]
[White "Perepelitsky, Edward"]
[Black "Rozenvasser, Anthony"]
[Result "0-1"]
[WhiteElo "2000"]
[BlackElo "2000"]
[PlyCount "71"]
[EventDate "2004.07.21"]
[EventType "tourn"]
[EventRounds "11"]
[EventCountry "USA"]
[SourceTitle "EXT 2006"]
[Source "ChessBase"]
[SourceDate "2005.11.24"]
[SourceVersion "1"]
[SourceVersionDate "2005.11.24"]
[SourceQuality "1"]

1. d4 Nf6 2. c4 g6 3. Nc3 Bg7 4. e4 d6 5. Nf3 0-0 6. Be2 e5 7. 0-0 Nc6 8. d5 Ne7 9. Ne1 Ne8 10. Be3 f5 11. f3 f4 12. Bf2 c5 13. dxc6 bxc6 14. Qd2 Be6 15. Rd1 Qd7 16. b4 Rd8 17. b5 g5 18. Nc2 Rf6 19. Nb4 Rg6 20. bxc6 Nxc6 21. Nxc6 Qxc6 22. Nd5 Qd7 23. Qa5 Bf8 24. Rb1 Rg7 25. Rb4 g4 26. Bh4 Rc8 27. Rfb1 Qf7 28. Rb7 Nc7 29. Qxa7 Bxd5 30. cxd5 Qh5 31. Qf2 Be7 32. Bxe7 g3 33. hxg3 fxg3 34. Qe3 Rxe7 35. Kf1 Nxd5 36. exd5 0-1

[Event "San Francisco MI"]
[Site "San Francisco"]
[Date "2004.??.??"]
[Round "11"]
[White "Perepelitsky, Edward"]
[Black "Traub, Igor Vladimirovich"]
[Result "0-1"]
[WhiteElo "2000"]
[BlackElo "2000"]
[PlyCount "63"]
[EventDate "2004.07.21"]
[EventType "tourn"]
[EventRounds "11"]
[EventCountry "USA"]
[SourceTitle "EXT 2006"]
[Source "ChessBase"]
[SourceDate "2005.11.24"]
[SourceVersion "1"]
[SourceVersionDate "2005.11.24"]
[SourceQuality "1"]

1. d4 d5 2. c4 c6 3. Nc3 Nf6 4. Nf3 a6 5. e3 b5 6. b3 Bg4 7. Be2 e6 8. 0-0 Nbd7 9. Nb1 Bd6 10. a4 b4 11. Nbd2 a5 12. Bb2 0-0 13. Ne5 Bxe2 14. Qxe2 Rc8 15. c5 Bb8 16. f4 Bxe5 17. dxe5 Ne8 18. Bd4 f6 19. Qg4 Qe7 20. Rac1 fxe5 21. fxe5 Rxf1+ 22. Rxf1 Nc7 23. Rc1 Na6 24. e4 Naxc5 25. exd5 cxd5 26. Kh1 Rf8 27. Qe2 Qg5 28. Rxc5 Nxc5 29. Bxc5 Rc8 30. Bg1 Rc2 31. Qb5 h5 32. Qe2 0-1